000 00669nam a2200217Ia 4500
003 GCL
008 140319s9999 xx 000 0 ara d
020 _a9114910977
040 _aGCL /
_cGCL
082 0 4 _a363.3
_bا ا
100 1 _aاحمد القاضى
245 1 0 _aامن وسلامة المنشات الحيوية /
_cاحمد القاضى
250 _aالاولى
260 _aالقاهرة :
_bدار الفكر العربى ،
_c1998
300 _a248 ص:
_bايض ؛
_c24 سم
650 0 4 _aالدفاع المدنى
650 0 4 _aالامن القومى
650 0 4 _aالانقاذ
650 0 4 _aالحرائق - مقاومة
942 _2ddc
_cBK
999 _c2038
_d2038